Pneumatic pumps for spray painting.

Gespeichert in:
Bibliographische Detailangaben
Körperschaften: LARIUS (Calolziocorte, Taliansko) (VerfasserIn), SURFIN, s.r.o. (Brno) (ZusammenstellendeR)
Format: Buch
Sprache:Englisch
Veröffentlicht: [S.l.] : [s.n.], 2007
Ausgabe:[1st ed.]
Schlagworte:
Online-Zugang: Volltext
Tags: Tag hinzufügen
Keine Tags, Fügen Sie den ersten Tag hinzu!

MARC

LEADER 00000nam a2200000 4500
003 SK-BrCVT
005 20220621162554.0
008 070509s2007 it e ||||||eng d
035 |a CVTIDW1406223 
040 |b slo  |a CVTI SR  |e AACR2 
041 0 |a eng 
044 |a it 
080 |a 621.65  |2 UDC-MRF 
080 |a 667.661  |2 UDC-MRF 
110 2 |a LARIUS (Calolziocorte, Taliansko)  |4 aut 
245 1 0 |a Pneumatic pumps for spray painting. 
250 |a [1st ed.] 
260 |a [S.l.] :  |b [s.n.],  |c 2007 
300 |a [12 s.] :  |b obr., tab. ; 
653 1 |a pneumatické lakovacie čerpadlo piestové a s dvojitou membránou 
710 2 |a SURFIN, s.r.o. (Brno)  |4 com 
910 |b F026892 
959 |a 5512 
959 |a 6104 
974 |f Firemná literatúra 
992 |a FFP 
999 |c 151228  |d 151228